000 01258nam a22002897a 4500
003 DO-SdBNP
005 20240621133052.0
008 170112b2001 sp a 00| 0 spa d
020 _a8449419786
040 _aBPMSU
_bspa
_cBPMSU
082 4 _a372.21
_bP923a 2001
_222
245 1 0 _a Preescolar activa /
_c Dirección José Gay
246 1 4 _aPreescolar activa para jugar y aprender
260 _aBarcelona :
_bEditorial Grupo Océano,
_c2001
300 _av. :
_bil. ;
_c26 cm.
520 _aLa presente obra es una propuesta teórica y práctica exclusivamente dedicada al perfeccionamiento y actualización del docente de nivel inicial. La misma aborda, fundamentalmente, la problemática surgida frente a los últimos cambios didácticos-pedagógicos, con la aparición en el ámbito educativo de una nueva infancia y la dificultad que tienen muchos maestros para hacerle frente
590 _6Inventariado, 2024/VM
650 4 _aEducación preescolar
_v
650 4 _aJardines infantiles
650 4 _a Didáctica pedagógica
650 4 _a Manual de preescolar
650 4 _a Psicología educativa
700 1 _a Gay, José
_edirección
710 2 _aGrupo Océano
910 _aVMateo V. Control de calidad. BPMSU
942 _2ddc
_cBK
999 _c14683
_d14683